000 00585nam a2200229Ia 4500
008 140626s9999 xx 000 0 und d
100 _aBautista, Joseph.
245 _aAdventure traveller :
_b spellbound in Northern Samar /
_cJoseph Bautista.
260 _cc2011.
300 _a13 : 7, page 40
440 _aCruising
521 _aTOU
650 _aBeaches.
650 _aBiri islands.
650 _aCapul.
650 _aDestination.
650 _aIsland hopping.
650 _aNorthern Samar.
650 _aRural culture.
650 _aSmall islands.
942 _cSE
999 _c121173
_d121173